GREGORIANUM. OTTOBRE DICEMBRE 1968. RIVISTA DI TEOLOGIA E FILOSOFIA. (Record n. 328519)

Dettagli MARC
000 -LEADER
fixed length control field 01502nas a2200277Ia 4500
001 - CONTROL NUMBER
control field R050-R9926
003 - CONTROL NUMBER IDENTIFIER
control field IT-CnALBA
008 - FIXED-LENGTH DATA ELEMENTS--GENERAL INFORMATION
fixed length control field 170116c99999999xx |||||||||||| ||und||
040 ## - CATALOGING SOURCE
Original cataloging agency IT-CnALBA
Transcribing agency IT-CnALBA
041 ## - LANGUAGE CODE
Language code of text/sound track or separate title POLIGLOTTA
999 ## - SYSTEM CONTROL NUMBERS (KOHA)
Koha Dewey Subclass [OBSOLETE] NO
100 ## - MAIN ENTRY--PERSONAL NAME
Personal name CALVEZ JEAN-YVES, SJ.
210 ## - ABBREVIATED TITLE
Abbreviated title GREGORIANUM
222 ## - KEY TITLE
Key title GREGORIANUM
245 #0 - TITLE STATEMENT
Title GREGORIANUM. OTTOBRE DICEMBRE 1968. RIVISTA DI TEOLOGIA E FILOSOFIA.
250 ## - EDITION STATEMENT
Edition statement 1a ed.
260 ## - PUBLICATION, DISTRIBUTION, ETC. (IMPRINT)
Place of publication, distribution, etc. ROMA
Name of publisher, distributor, etc. GREGORIANA PONTIFICIA UNIVERSITÀ
Date of publication, distribution, etc. 1968 [1° Ed.:1968 - Ed.Ling.Originale: 1968]
300 ## - PHYSICAL DESCRIPTION
Extent 200 p.
310 ## - CURRENT PUBLICATION FREQUENCY
Current publication frequency TRIMESTRALE
362 ## - DATES OF PUBLICATION AND/OR SEQUENTIAL DESIGNATION
Dates of publication and/or sequential designation Fascicolo: 4 / Anno: 49 (1968)
500 ## - GENERAL NOTE
General note INDICE COMPLETO DELL'ANNATA 1968. ARTICOLI. NOTE. AUTORI. RECENSIONI. TITOLI DELLE OPERE. CHIESA E SVILUPPO. CONCEZIONE VERGINALE DI CRISTO. DISCORSO SU DIO. REVISIONE DA RIPENSARE, LUIGI DE MOLINA E LA SPECIFICAZIONE DELL'ATTO ATTRAVERSO L'OGGETTO FORMALE. LA TRINITÀ MAFELICA, A PROPOSITO DELLE AFFERMAZIONI DI TEODOTO.
501 ## - WITH NOTE
With note Società San Paolo EM - Piazza San Paolo, 14 - 12051 ALBA (CN) (non commercial uses only) ® Copyright 2017
520 ## - SUMMARY, ETC.
Summary, etc. INDICE COMPLETO DELL'ANNATA 1968. ARTICOLI. NOTE. AUTORI. RECENSIONI. TITOLI DELLE OPERE. CHIESA E SVILUPPO. CONCEZIONE VERGINALE DI CRISTO. DISCORSO SU DIO. REVISIONE DA RIPENSARE, LUIGI DE MOLINA E LA SPECIFICAZIONE DELL'ATTO ATTRAVERSO L'OGGETTO FORMALE. LA TRINITÀ MAFELICA, A PROPOSITO DELLE AFFERMAZIONI DI TEODOTO.
650 ## - SUBJECT ADDED ENTRY--TOPICAL TERM
Topical term or geographic name as entry element TEOLOGIA - FILOSOFIA
942 ## - ADDED ENTRY ELEMENTS (KOHA)
Koha item type RIVISTA
957 ## -
-- 1
999 ## - SYSTEM CONTROL NUMBERS (KOHA)
-- 1
Dati di copia
Withdrawn status Lost status Damaged status Not for loan Home library Current library Date acquired Total Checkouts Full call number Date last seen Price effective from Koha item type Public note
    Buone Condizioni Not For Loan ALBA - Biblioteca ALBA - Biblioteca 16/01/2017   R050-R9926 16/01/2017 16/01/2017 RIVISTA (data import: 16 gennaio 2017) - By Epidotti, Vaglietti.
CREDITS: SOCIETA' SAN PAOLO Via A.Severo, 58 - ROMA (RM) & PERIODICI SAN PAOLO SRL Via Giotto, 36 MILANO & CISF Via Giotto, 36 MILANO & EDIZIONI SAN PAOLO SRL,  Piazza Soncino, 5 CINISELLO BALSAMO (MI) -- ITALY